00000000nam##2200000za#4500
0019.635705
003CaOODSP
00520210624220401
007cr |||||||||||
008150407|2008||||xxc|||||o    f|0| 0 fre|d
020 |a978-0-662-04704-9
040 |aCaOODSP|bfre
043 |an-cn---
0861 |aA52-112/2008F-PDF
1101 |aCanada. |bAgriculture et agroalimentaire Canada. |bDirection générale de la recherche.
24510|aRégion de l'Atlantique - 'Honeycrisp' : |h[ressource électronique]|bréaliser un équilibre entre croissance végétative et production
260 |aOttawa - Ontario : |bAgriculture et Agroalimentaire Canada. |cc2008.
300 |a7p.|bphotographies
590 |a12-24-Supp|b2012-05-30
69107|aPomme|2gcpds
69107|aProduit agro-alimentaire|2gcpds
69107|aRecherche et développement|2gcpds
77508|tAtlantic Canada - 'Honeycrisp' : |w(CaOODSP)9.691374
85640|ahttp://publications.gc.ca|qPDF|s544 Ko|uhttps://publications.gc.ca/collections/collection_2011/agr/A52-112-2008-fra.pdf
986 |aNo. AAC 10736F